[Event "BL 2016-17"]
[Site "Germany"]
[Date "2017.02.19"]
[Round "8"]
[White "Koop, Thorben"]
[Black "Meister, Peter"]
[Result "1/2-1/2"]
[WhiteElo "2400"]
[BlackElo "2363"]
[Annotator "RC"]
[PlyCount "120"]
[EventDate "2017.??.??"]
[EventType "team-tourn"]
[EventCountry "GER"]
[SourceTitle "playchess.com"]
[Source "ChessBase"]
[SourceQuality "1"]
[WhiteTeam "Werder Bremen"]
[BlackTeam "Bayern München"]
[TimeControl "40/6000+30:3000+30"]

1. Nf3 {[%emt 0:00:00]} d5 {[%emt 0:00:30]} 2. d4 {[%emt 0:01:07]} Bf5 {[%emt 0:00:58]} 3. c4 {[%emt 0:04:55]} e6 {[%emt 0:00:22]} 4. Bg5 {[%emt 0:02:48]} Be7 {[%emt 0:14:25]} 5. Bxe7 {[%emt 0:03:06]} Nxe7 {[%emt 0:07:36]} 6. Nc3 {[%emt 0:01:50]} Nbc6 {[%emt 0:02:45]} 7. e3 {[%emt 0:10:22]} O-O {[%emt 0:01:44]} 8. Be2 {[%emt 0:02:06]} a6 {[%emt 0:03:05]} 9. O-O {[%emt 0:08:29]} dxc4 {[%emt 0:12:24]} 10. Bxc4 {[%emt 0:01:38]} Qd6 {[%emt 0:02:26]} 11. Rc1 {[%emt 0:13:08]} Rad8 {[%emt 0:04:18]} 12. Qe2 {[%emt 0:08:07]} e5 {[%emt 0:20:48]} 13. d5 {[%emt 0:09:50]} Na5 {[%emt 0:08:42]} 14. Rfd1 {[%emt 0:02:52]} Bg4 {[%emt 0:14:45]} 15. Bd3 {[%emt 0:10:10]} f5 {[%emt 0:00:06]} 16. e4 {[%emt 0:00:53]} Ng6 {[%emt 0:03:58]} 17. exf5 {[%emt 0:07:03]} Nf4 {[%emt 0:00:06]} 18. Qe3 {[%emt 0:02:13]} Nxd3 {[%emt 0:02:01]} 19. Qxd3 {[%emt 0:03:56]} Rxf5 {[%emt 0:01:26]} 20. h3 {[%emt 0:02:38]} Bxf3 {[%emt 0:04:52]} 21. Qxf5 {[%emt 0:00:08]} Bxd1 {[%emt 0:00:37]} 22. Rxd1 {[%emt 0:00:33]} Nc4 {[%emt 0:00:41]} 23. Ne4 {[%emt 0:04:58]} Qg6 {[%emt 0:01:15]} 24. Qxg6 {[%emt 0:01:29]} hxg6 {[%emt 0:00:04]} 25. b3 {[%emt 0:03:05]} Nd6 {[%emt 0:00:19]} 26. Ng5 {[%emt 0:02:10]} Nb5 {[%emt 0:01:28]} 27. Ne6 {[%emt 0:02:32]} Rd6 {[%emt 0:00:05]} 28. Rc1 {[%emt 0:00:54]} Rxd5 {[%emt 0:01:20]} 29. Nxc7 {[%emt 0:00:09]} Nxc7 {[%emt 0:00:58]} 30. Rxc7 {[%emt 0:00:02]} Rd1+ {[%emt 0:00:30]} 31. Kh2 {[%emt 0:00:04]} Rd2 {[%emt 0:00:23]} 32. a4 {[%emt 0:01:54]} Rxf2 {[%emt 0:00:28]} 33. Rxb7 {[%emt 0:00:04]} Rb2 {[%emt 0:00:45]} 34. Kg3 {[%emt 0:01:00]} e4 {[%emt 0:00:48]} 35. Kf4 {[%emt 0:00:45]} Rxg2 {[%emt 0:00:21]} 36. Kxe4 {[%emt 0:00:11]} Rg3 {[%emt 0:00:26]} 37. b4 {[%emt 0:00:32]} Rxh3 {[%emt 0:00:09]} 38. a5 {[%emt 0:00:18]} Kh7 {[%emt 0:00:34]} 39. Kd4 {[%emt 0:00:41]} g5 {[%emt 0:00:24]} 40. Re7 {[%emt 0:00:39]} Kg6 {[%emt 0:51:03]} 41. Re6+ {[%emt 0:07:21]} Kf5 {[%emt 0:00:00]} 42. Rxa6 {[%emt 0:03:44]} g4 {[%emt 0:00:00]} 43. Rc6 {[%emt 0:02:59]} g3 {[%emt 0:00:00]} 44. Rc1 {[%emt 0:02:04]} g2 {[%emt 0:00:00]} 45. Rg1 {[%emt 0:00:18]} Rg3 {[%emt 0:00:00]} 46. Kd5 {[%emt 0:11:09]} Kg4 {[%emt 0:00:00]} 47. a6 {[%emt 0:01:17]} Kh3 {[%emt 0:00:00]} 48. b5 {[%emt 0:01:52]} Ra3 {[%emt 0:00:00]} 49. Kc5 {[%emt 0:04:22]} Kh2 {[%emt 0:00:00]} 50. Rxg2+ {[%emt 0:05:51]} Kxg2 {[%emt 0:00:00]} 51. Kb6 {[%emt 0:00:52]} g5 {[%emt 0:00:00]} 52. Ka7 {[%emt 0:00:27]} g4 {[%emt 0:00:14]} 53. b6 {[%emt 0:00:27]} g3 {[%emt 0:00:07]} 54. b7 {[%emt 0:00:20]} Rb3 {[%emt 0:00:43]} 55. b8=Q {[%emt 0:00:12]} Rxb8 {[%emt 0:00:05]} 56. Kxb8 {[%emt 0:00:02]} Kf2 {[%emt 0:00:36]} 57. a7 {[%emt 0:00:05]} g2 {[%emt 0:00:05]} 58. a8=Q {[%emt 0:00:05]} g1=Q {[%emt 0:00:04]} 59. Qa7+ {[%emt 0:00:03]} Kf1 {[%emt 0:00:20]} 60. Qxg1+ {[%emt 0:00:02]} Kxg1 {[%emt 0:00:11]} 1/2-1/2

[Event "BL 2016-17"]
[Site "Germany"]
[Date "2017.02.19"]
[Round "8"]
[White "Belezky, Alexander"]
[Black "Fish, Gennadij"]
[Result "1/2-1/2"]
[WhiteElo "2397"]
[BlackElo "2465"]
[Annotator "TA"]
[PlyCount "47"]
[EventDate "2017.??.??"]
[EventType "team-tourn"]
[EventCountry "GER"]
[SourceTitle "playchess.com"]
[Source "ChessBase"]
[SourceQuality "1"]
[WhiteTeam "Bayern München"]
[BlackTeam "Werder Bremen"]

{[%evp 21,47,0,5,-6,7,7,7,7,5,8,8,8,8,7,7,0,11,6,6,10,17,0,0,0,0,0,0,0]} 1. Nf3 Nf6 2. g3 c5 3. Bg2 g6 4. O-O Bg7 5. c4 Nc6 6. Nc3 O-O 7. d3 d5 8. cxd5 Nxd5 9. Bd2 Nc7 10. Qc1 b6 11. Bh6 Bb7 {LiveBook: 8 Games. The position is equal.} 12. Rd1 Qc8 13. Bxg7 Kxg7 14. d4 Nxd4 15. Nxd4 Bxg2 16. Kxg2 {[#] And now Nf3 would win.} cxd4 17. Rxd4 Ne6 18. Rd1 Qb7+ 19. f3 Rfd8 20. Qe3 Nf8 21. Rxd8 Rxd8 22. Rd1 Rxd1 23. Nxd1 f6 24. Nc3 1/2-1/2

[Event "BL 2016-17"]
[Site "Germany"]
[Date "2017.02.19"]
[Round "8"]
[White "Gauglitz, Gernot"]
[Black "Zwirs, Nico"]
[Result "0-1"]
[WhiteElo "2394"]
[BlackElo "2402"]
[Annotator "TA"]
[PlyCount "50"]
[EventDate "2017.??.??"]
[EventType "team-tourn"]
[EventCountry "GER"]
[SourceTitle "playchess.com"]
[Source "ChessBase"]
[SourceQuality "1"]
[WhiteTeam "TU Dresden"]
[BlackTeam "Mülheim Nord"]
[TimeControl "40/6000+30:3000+30"]

1. Nf3 {[%emt 0:00:00]} d5 {[%emt 0:00:33]} 2. g3 {[%emt 0:00:10]} Nf6 {[%emt 0:00:05]} 3. Bg2 {[%emt 0:00:05]} c6 {[%emt 0:00:05]} 4. O-O {[%emt 0:00:30]} Bf5 {[%emt 0:00:06]} 5. d4 {[%emt 0:02:05]} e6 {[%emt 0:00:27]} 6. b3 {[%emt 0:06:47]} Be7 {[%emt 0:00:18]} 7. Bb2 {[%emt 0:00:13]} O-O {[%emt 0:00:30]} 8. c4 {[%emt 0:00:19]} h6 {[%emt 0:00:26]} 9. Nbd2 {[%emt 0:01:06]} a5 {[%emt 0:00:09]} 10. Ne5 {[%emt 0:04:24]} Nbd7 {[%emt 0:00:47]} 11. e3 {[%emt 0:01:43]} a4 {[%emt 0:08:05]} 12. Bc3 {[%emt 0:06:06]} Qc7 {[%emt 0:28:29]} 13. f4 {[%emt 0:06:37]} axb3 {[%emt 0:13:41]} 14. axb3 {[%emt 0:02:58]} Rxa1 {[%emt 0:00:08]} 15. Qxa1 {[%emt 0:00:28]} Nxe5 {[%emt 0:00:43]} 16. fxe5 {[%emt 0:00:48]} Ng4 {[%emt 0:02:20]} 17. Re1 {[%emt 0:09:45]} Bg5 {[%emt 0:00:52]} 18. Nf1 {[%emt 0:00:03]} Bd3 {[%emt 0:02:39]} 19. Bd2 {[%emt 0:00:09]} f6 {[%emt 0:04:31]} 20. Qc3 {[%emt 0:30:06]} Bxf1 {[%emt 0:02:55]} 21. Rxf1 {[%emt 0:00:04]} fxe5 {[%emt 0:00:22]} 22. Rxf8+ {[%emt 0:06:00]} Kxf8 {[%emt 0:00:59]} 23. h3 {[%emt 0:21:46]} exd4 {[%emt 0:04:02]} 24. Qxd4 {[%emt 0:00:11]} Ne5 {[%emt 0:02:12]} 25. Bc3 {[%emt 0:00:16]} Nf3+ {[%emt 0:01:04]} 0-1

[Event "BL 2016-17"]
[Site "Germany"]
[Date "2017.02.19"]
[Round "8"]
[White "Muse, Mladen"]
[Black "Jarmula, Lukasz"]
[Result "0-1"]
[WhiteElo "2391"]
[BlackElo "2475"]
[Annotator "TA"]
[PlyCount "68"]
[EventDate "2017.??.??"]
[EventType "team-tourn"]
[EventCountry "GER"]
[SourceTitle "playchess.com"]
[Source "ChessBase"]
[SourceQuality "1"]
[WhiteTeam "König Tegel"]
[BlackTeam "Griesheim"]

{[%evp 14,68,-32,-60,-36,-35,-33,-42,-33,-36,-27,-38,-33,-45,33,35,41,-37,0,0,13,-58,-58,-55,-54,-58,74,-107,-24,-135,-127,-128,-126,-168,-135,-144,-127,-110,-119,-191,-188,-166,0,0,0,-120,-133,-127,-127,-125,-125,-154,-149,-266,-261,-421,-427]} 1. Nf3 d5 2. c4 d4 3. g3 Nc6 4. Bg2 e5 5. d3 Bb4+ 6. Nfd2 a5 7. Na3 Nf6 8. Nc2 {LiveBook: 3 Games} Be7 9. O-O O-O 10. a3 {Black is slightly better.} Nd7 11. Rb1 $1 Nc5 12. b3 Bg4 {Threatens to win with ...Nxd3!} 13. Ne4 Na6 (13... Ne6 $15) 14. f4 $14 exf4 15. gxf4 ({Better is} 15. Rxf4 $14 Be6 16. Nd2) 15... Qd7 16. Bd2 Nc5 17. Nxc5 (17. Nf2 $1 $11) 17... Bxc5 $15 18. b4 axb4 19. axb4 Rfe8 (19... Bd6 $15 {stays ahead.}) 20. Bf3 $2 {[#]} (20. bxc5 $16 {is forced if you want to stay better.} Bxe2 21. Qc1) 20... Bf8 (20... Bxf3 $17 21. Rxf3 Bf8) 21. b5 (21. e4 $1 $11 Bxf3 22. Qxf3 (22. Rxf3 b5 23. cxb5 Na7 $15)) 21... Bxf3 $17 22. Rxf3 Ne7 23. Ra1 Rxa1 24. Qxa1 Qg4+ 25. Kf1 Nf5 {Hoping for ...Qh5.} 26. Be1 (26. Rf2 $17) 26... Qh5 27. h3 Ne3+ $2 (27... Bc5 $19 {White must now prevent ...Qg6.} 28. Qa5 Rc8) 28. Nxe3 $11 Rxe3 ({Don't play} 28... dxe3 $6 29. Qa7 $16) 29. Bf2 (29. Rxe3 $11 dxe3 30. h4) 29... Rxf3 $17 30. exf3 Qxf3 {[#] Strongly threatening ...Qh1+.} 31. Qxd4 Qxh3+ 32. Ke2 Qg4+ 33. Kd2 (33. Ke3 $17) 33... h5 $19 {[%cal Bh7h5,Bh5h4][%mdl 32]} 34. Kc3 $2 (34. Qd8 Qxf4+ 35. Ke2) 34... h4 0-1

[Event "BL 2016-17"]
[Site "Germany"]
[Date "2017.02.19"]
[Round "8"]
[White "Fruebing, Stefan"]
[Black "Baskin, Robert"]
[Result "1-0"]
[WhiteElo "2387"]
[BlackElo "2357"]
[Annotator "TA RC"]
[PlyCount "67"]
[EventDate "2017.??.??"]
[EventType "team-tourn"]
[EventCountry "GER"]
[SourceTitle "playchess.com"]
[Source "ChessBase"]
[SourceQuality "1"]
[WhiteTeam "König Tegel"]
[BlackTeam "Griesheim"]
[TimeControl "40/6000+30:3000+30"]

1. e4 {[%emt 0:00:00]} e6 {[%emt 0:00:12]} 2. d4 {[%emt 0:00:00]} d5 {[%emt 0:00:05]} 3. Nd2 {[%emt 0:00:00]} Nf6 {[%emt 0:03:53]} 4. e5 {[%emt 0:00:19]} Nfd7 {[%emt 0:00:04]} 5. Bd3 {[%emt 0:00:26]} c5 {[%emt 0:00:11]} 6. c3 {[%emt 0:00:16]} Nc6 {[%emt 0:00:06]} 7. Ne2 {[%emt 0:00:17]} cxd4 {[%emt 0:00:40]} 8. cxd4 {[%emt 0:00:09]} f6 {[%emt 0:00:05]} 9. exf6 {[%emt 0:01:06]} Nxf6 {[%emt 0:00:14]} 10. O-O {[%emt 0:01:13]} Bd6 {[%emt 0:01:18]} 11. Nf3 {[%emt 0:01:04]} O-O {[%emt 0:01:49]} 12. Bf4 {[%emt 0:10:53]} Nh5 {[%emt 0:01:46]} 13. Bxd6 {[%emt 0:09:59]} Qxd6 {[%emt 0:01:30]} 14. Ng3 {[%emt 0:00:08]} Nf4 {[%emt 0:15:31]} 15. Re1 {[%emt 0:00:29]} Bd7 {[%emt 0:03:38]} 16. Rc1 {[%emt 0:06:22]} Be8 {[%emt 0:03:17]} 17. a3 {[%emt 0:20:35]} Bg6 {[%emt 0:04:47]} 18. Bb5 {[%emt 0:00:38]} Ne7 {[%emt 0:13:32]} 19. Ne5 {[%emt 0:03:00]} Nf5 {[%emt 0:07:46]} 20. Nxf5 {[%emt 0:06:39]} Rxf5 {[%emt 0:01:51]} 21. Rc3 {[%emt 0:07:43]} Qb6 {[%emt 0:14:04]} 22. Rb3 {[%emt 0:05:04]} Rg5 {[%emt 0:02:36]} 23. Bf1 {[%emt 0:03:55]} Bh5 {[%emt 0:20:15]} 24. g4 {[%emt 0:01:54]} Qd8 {[%emt 0:01:48]} 25. Qc1 {[%emt 0:08:59]} Ng6 {[%emt 0:06:26]} 26. h3 {[%emt 0:01:33]} Nxe5 {[%emt 0:00:45]} 27. dxe5 {[%emt 0:00:18]} Be8 {[%emt 0:04:26]} 28. Bd3 {[%emt 0:01:21]} h5 {[%emt 0:00:36]} 29. f4 Rg6 30. g5 {[%emt 0:05:01]} Rc8 {[%emt 0:00:18]} 31. Qd2 {[%emt 0:00:31]} d4 {[%emt 0:00:30]} 32. Rxb7 {[%emt 0:02:09]} Bc6 {[%emt 0:00:50]} 33. Rb4 {[%emt 0:01:45]} a5 {[%emt 0:01:32]} 34. Rc4 {[%emt 0:01:09]} 1-0

[Event "BL 2016-17"]
[Site "St. Veit/Glan"]
[Date "2017.03.26"]
[Round "8"]
[White "Lehner, Oliver"]
[Black "Kuntner, Reinhard"]
[Result "1-0"]
[WhiteElo "2386"]
[BlackElo "2021"]
[Annotator "NA"]
[PlyCount "45"]
[EventDate "2017.??.??"]
[EventType "team-tourn"]
[EventCountry "AUT"]
[SourceTitle "playchess.com"]
[Source "ChessBase"]
[SourceQuality "1"]
[WhiteTeam "Jenbach"]
[BlackTeam "Nickelsdorf"]
[TimeControl "40/5400+30:1800+30"]

1. d4 {[%emt 0:00:00]} d5 {[%emt 0:00:42]} 2. c4 {[%emt 0:00:00]} dxc4 {[%emt 0:00:17]} 3. Nf3 {[%emt 0:00:00]} Nf6 {[%emt 0:00:33]} 4. e3 {[%emt 0:00:03]} e6 {[%emt 0:01:33]} 5. Bxc4 {[%emt 0:00:07]} a6 {[%emt 0:00:05]} 6. O-O {[%emt 0:02:42]} c5 {[%emt 0:01:04]} 7. Qe2 {[%emt 0:03:25]} b5 {[%emt 0:08:43]} 8. Bd3 {[%emt 0:02:17]} Nc6 {[%emt 0:03:13]} 9. dxc5 {[%emt 0:01:33]} Bxc5 {[%emt 0:03:17]} 10. a3 {[%emt 0:01:38]} O-O {[%emt 0:03:11]} 11. b4 {[%emt 0:00:25]} Be7 {[%emt 0:00:50]} 12. Bb2 {[%emt 0:02:32]} Bb7 {[%emt 0:00:57]} 13. Nbd2 {[%emt 0:01:12]} Qd5 {[%emt 0:04:29]} 14. Rac1 {[%emt 0:16:20]} Rfd8 {[%emt 0:06:55]} 15. Bb1 {[%emt 0:00:05]} Rd7 {[%emt 0:06:37]} (15... Qh5 $11) 16. Bxf6 {[%emt 0:08:53]} gxf6 {[%emt 0:05:27]} ({Don't consider} 16... Bxf6 $2 17. Ne4 Qh5 18. Nc5 $18 (18. Nxf6+ gxf6 19. Be4 Ne5 20. Bxb7 Rxb7 $11)) 17. Be4 {[%emt 0:00:05]} Qd6 {[%emt 0:00:16]} 18. Nb3 {[%emt 0:00:58]} Ne5 $18 {[%emt 0:24:19]} (18... f5 $16 {was called for.} 19. Rfd1 fxe4 20. Rxd6 exf3) 19. Bxb7 {[%emt 0:15:36]} Rxb7 {[%emt 0:00:51]} 20. Rfd1 {[%emt 0:00:11]} Qb8 {[%emt 0:04:41]} 21. Nxe5 {[%emt 0:09:10]} Qxe5 {[%emt 0:01:30]} 22. Na5 {[%emt 0:00:15]} Rc7 {[%emt 0:01:41]} 23. f4 {[%emt 0:00:56]} 1-0

[Event "BL 2016-17"]
[Site "St. Veit/Glan"]
[Date "2017.03.26"]
[Round "8"]
[White "Dobosz, Henryk"]
[Black "Volkmann, Friedrich Karl"]
[Result "1/2-1/2"]
[WhiteElo "2385"]
[BlackElo "2402"]
[Annotator "NA"]
[PlyCount "59"]
[EventDate "2017.??.??"]
[EventType "team-tourn"]
[EventCountry "AUT"]
[SourceTitle "playchess.com"]
[Source "ChessBase"]
[SourceQuality "1"]
[WhiteTeam "Bregenz"]
[BlackTeam "Wulkaprodersdorf"]
[TimeControl "40/5400+30:1800+30"]

1. d4 {[%emt 0:00:00]} d5 {[%emt 0:00:04]} 2. c4 {[%emt 0:00:00]} c6 {[%emt 0:00:04]} 3. cxd5 {[%emt 0:01:22]} cxd5 {[%emt 0:00:07]} 4. Nc3 {[%emt 0:00:08]} Nf6 {[%emt 0:00:15]} 5. Bf4 {[%emt 0:00:39]} Nc6 {[%emt 0:00:49]} 6. e3 {[%emt 0:00:20]} a6 {[%emt 0:00:43]} 7. Bd3 {[%emt 0:09:34]} Bg4 {[%emt 0:01:32]} 8. Nge2 {[%emt 0:09:42]} e6 {[%emt 0:09:00]} 9. O-O {[%emt 0:12:26] LiveBook: 363 Games} Be7 {[%emt 0:09:35]} 10. Qb3 {[%emt 0:12:47] D10: Slav Defence: 3 cxd5 (without early Nf3) and 3 Nc3} (10. Rc1 O-O 11. Na4 Nd7 12. a3 e5 13. dxe5 Ndxe5 14. h3 Bh5 15. Bb1 Bf6 16. Qc2 Bg6 17. Qb3 Bxb1 18. Rxb1 {1-0 (46) Sargissian,G (2686)-Laznicka,V (2679) Dubai 2014}) 10... Na5 {[%emt 0:06:07]} 11. Qc2 {[%emt 0:04:45]} Bh5 {[%emt 0:04:35]} 12. Bg3 $146 {[%emt 0:01:44]} (12. Rac1 Rc8 13. Qa4+ Nc6 14. Qb3 Na5 15. Qa4+ Nc6 16. Qb3 Na5 17. Qa4+ Nc6 18. Qb3 Na5 19. Qa4+ Nc6 20. Qb3 Na5 {½-½ (20) Nestorovic,D (2411)-Kasparov,S (2470) Paracin 2013}) 12... Bg6 {[%emt 0:03:54]} 13. Nf4 {[%emt 0:00:16]} Bxd3 {[%emt 0:00:35]} 14. Nxd3 {[%emt 0:00:08]} O-O {[%emt 0:01:16]} 15. Ne5 {[%emt 0:01:05]} Rc8 {[%emt 0:04:21]} 16. Qd3 {[%emt 0:05:16]} Nh5 {[%emt 0:03:51]} 17. Rac1 {[%emt 0:01:02]} Nxg3 {[%emt 0:00:41]} 18. hxg3 {[%emt 0:00:07]} Bd6 {[%emt 0:00:38]} 19. Nf3 {[%emt 0:07:46]} Rc7 {[%emt 0:17:46]} 20. Rc2 {[%emt 0:00:38]} Nc6 {[%emt 0:00:58]} 21. a3 $11 {[%emt 0:01:59]} Na5 {[%emt 0:01:59]} 22. e4 {[%emt 0:04:33]} dxe4 {[%emt 0:01:02]} 23. Nxe4 {[%emt 0:00:29]} Rd7 {[%emt 0:09:04]} 24. Qe3 {[%emt 0:08:08]} Nc6 {[%emt 0:01:24]} 25. Rd2 {[%emt 0:02:45]} Ne7 {[%emt 0:06:54]} 26. Ne5 {[%emt 0:02:42]} Nf5 {[%emt 0:08:52]} 27. Qc3 {[%emt 0:00:19]} Rc7 {[%emt 0:00:28]} 28. Qd3 {[%emt 0:01:52]} Qe7 {[%emt 0:01:05]} 29. Nc4 {[%emt 0:01:57]} Rfc8 {[%emt 0:01:09]} 30. Rc2 {[%emt 0:04:29]} 1/2-1/2

[Event "BL 2016-17"]
[Site "Germany"]
[Date "2017.02.19"]
[Round "8"]
[White "Warmerdam, Max"]
[Black "Boensch, Uwe"]
[Result "0-1"]
[WhiteElo "2382"]
[BlackElo "2560"]
[Annotator "TA"]
[PlyCount "68"]
[EventDate "2017.??.??"]
[EventType "team-tourn"]
[EventCountry "GER"]
[SourceTitle "playchess.com"]
[Source "ChessBase"]
[SourceQuality "1"]
[WhiteTeam "Mülheim Nord"]
[BlackTeam "TU Dresden"]

{[%evp 17,68,-61,-50,-97,-109,-382,-434,-397,-189,-185,-187,-196,-198,-183,-190,-177,-140,-138,-141,-136,-132,-152,-132,-126,-125,-142,-141,-156,-158,-155,-163,-195,-167,-202,-186,-272,-270,-314,-289,-309,-193,-214,0,-289,-308,-291,-279,-448,-448,-430,-399,-399,-397]} 1. e4 c5 2. Nf3 Nc6 3. d4 cxd4 4. Nxd4 e5 5. Nb5 d6 6. N1c3 a6 7. Na3 Be6 8. Nd5 Nf6 9. Nxf6+ Qxf6 {LiveBook: 5 Games} 10. Nc4 {[#]} (10. Qh5 $15) 10... Qg6 $1 $17 11. Nxd6+ $2 {[%mdl 8192]} (11. Ne3 $17) 11... Bxd6 $19 12. Qxd6 Qxe4+ (12... Nd4 $142 13. f4 Rd8 14. Qxe5 f6) 13. Be3 Rd8 14. Qc5 Nb4 15. f3 Nxc2+ 16. Kf2 Qxe3+ 17. Qxe3 Nxe3 18. Kxe3 Ke7 19. Be2 Rd4 20. Rhc1 Rhd8 $36 {[%mdl 2048] Black is really pushing.} 21. a3 R8d7 22. Rc5 Rd2 23. b4 Kf6 24. Bf1 Rb2 25. Rc3 g5 26. h3 (26. Rac1 $142) 26... h5 {[%cal Bh7h5,Bh5h4][%mdl 32]} 27. Rac1 h4 28. R1c2 Rb1 29. Rc1 Rb2 30. R1c2 Rxc2 31. Rxc2 {[#]} Rd1 $1 32. Be2 $2 (32. Kf2) 32... Ra1 33. Rc3 Ra2 34. Kf2 Kf5 0-1

[Event "BL 2016-17"]
[Site "St. Veit/Glan"]
[Date "2017.03.26"]
[Round "8"]
[White "Handler, Lukas"]
[Black "Hiebler, Laura"]
[Result "1-0"]
[WhiteElo "2377"]
[BlackElo "2025"]
[Annotator "NA"]
[PlyCount "71"]
[EventDate "2017.??.??"]
[EventType "team-tourn"]
[EventCountry "AUT"]
[SourceTitle "playchess.com"]
[Source "ChessBase"]
[SourceQuality "1"]
[WhiteTeam "Maria Saal"]
[BlackTeam "St. Veit"]
[TimeControl "40/5400+30:1800+30"]

1. Nf3 {[%emt 0:00:00]} Nf6 {[%emt 0:00:13]} 2. g3 {[%emt 0:00:00]} b6 {[%emt 0:01:33]} 3. Bg2 {[%emt 0:00:40]} Bb7 {[%emt 0:00:09]} 4. O-O {[%emt 0:00:26]} e6 {[%emt 0:03:20]} 5. c4 {[%emt 0:01:33]} c5 {[%emt 0:08:24]} 6. b3 {[%emt 0:01:35]} Be7 {[%emt 0:02:08]} 7. Bb2 {[%emt 0:00:12]} O-O {[%emt 0:01:48]} 8. e3 {[%emt 0:00:16]} Nc6 9. Qe2 {[%emt 0:03:57] LiveBook: 22 Games} d5 {[%emt 0:12:50]} 10. d3 {[%emt 0:01:50]} Rc8 {[%emt 0:10:41]} 11. Nc3 {[%emt 0:04:50]} a6 {[%emt 0:07:36]} 12. Rac1 {[%emt 0:04:28] A14: English Opening: 1...e6 with b3 by White} Qc7 {[%emt 0:03:13]} 13. cxd5 {[%emt 0:10:12]} exd5 {[%emt 0:02:51]} 14. Rfd1 {[%emt 0:00:27]} b5 {[%emt 0:09:06]} 15. e4 {[%emt 0:07:00]} d4 $146 {[%emt 0:05:43]} (15... Rfe8 $1 $11 {keeps the balance.}) 16. Nd5 {[%emt 0:10:49]} Nxd5 {[%emt 0:04:11]} 17. exd5 {[%emt 0:00:10]} Nb4 {[%emt 0:01:05] [#]} 18. Nxd4 $16 {[%emt 0:00:29]} Qd7 {[%emt 0:04:14]} 19. d6 {[%emt 0:09:49] ½-½ (51) McNab,C (2463)-McClement,A (2022) Hamilton 2010} Bf6 {[%emt 0:08:48]} 20. Bxb7 {[%emt 0:03:47]} Rb8 {[%emt 0:03:46]} 21. Bg2 {[%emt 0:02:43]} cxd4 {[%emt 0:01:35]} 22. a3 {[%emt 0:07:49]} Na2 {[%emt 0:00:08]} 23. Rc6 {[%emt 0:00:42]} Nc3 {[%emt 0:04:48]} 24. Bxc3 {[%emt 0:00:35]} dxc3 {[%emt 0:00:05]} 25. Rxa6 {[%emt 0:00:39]} b4 {[%emt 0:00:25]} 26. Bd5 {[%emt 0:14:17]} bxa3 {[%emt 0:01:04]} 27. Qa2 {[%emt 0:02:45]} Bd4 {[%emt 0:00:41]} 28. Rc1 {[%emt 0:02:13]} Rfc8 {[%emt 0:01:48]} 29. Rxa3 {[%emt 0:02:33]} Qxd6 {[%emt 0:00:35]} 30. Bc4 {[%emt 0:00:35]} Rc7 {[%emt 0:00:43]} 31. Ra8 {[%emt 0:00:48]} Rcb7 {[%emt 0:00:24]} 32. Re1 {[%emt 0:01:02]} Rxa8 {[%emt 0:00:53]} 33. Qxa8+ {[%emt 0:00:11]} Rb8 {[%emt 0:00:08]} 34. Re8+ {[%emt 0:00:42]} Rxe8 {[%emt 0:00:01]} 35. Qxe8+ {[%emt 0:00:06]} Qf8 {[%emt 0:00:02]} 36. Bxf7+ {[%emt 0:00:07]} 1-0

[Event "BL 2016-17"]
[Site "St. Veit/Glan"]
[Date "2017.03.26"]
[Round "8"]
[White "Lendwai, Reinhard"]
[Black "Wagner, Dennis"]
[Result "1/2-1/2"]
[WhiteElo "2367"]
[BlackElo "2568"]
[Annotator "TA"]
[PlyCount "76"]
[EventDate "2017.??.??"]
[EventType "team-tourn"]
[EventCountry "AUT"]
[SourceTitle "playchess.com"]
[Source "ChessBase"]
[SourceQuality "1"]
[WhiteTeam "Nickelsdorf"]
[BlackTeam "Jenbach"]

{[%evp 13,76,2,-8,-22,-14,-16,-22,-25,13,-9,-18,-8,-10,-12,0,0,0,-34,-14,-8,0,-60,-10,-14,-2,0,0,0,0,-25,-17,-42,-14,-20,0,-9,-7,-12,7,-28,-41,-28,-52,-71,-74,-105,17,-54,-21,-64,-18,-33,-14,-31,-24,-28,-29,-94,-58,-58,-59,-82,153,148,139]} 1. c4 e6 2. d4 d5 3. Nf3 Nf6 4. cxd5 exd5 5. Bg5 h6 6. Bxf6 Qxf6 7. Nc3 c6 8. Rc1 {D35: Queen's Gambit Declined: Exchange Variation} Qd8 $146 (8... Nd7 9. Qc2 Bb4 10. a3 Bxc3+ 11. Qxc3 O-O 12. e3 Nb6 13. Ne5 Bf5 14. Bd3 Bxd3 15. Qxd3 Qe7 {½-½ (120) Appel,R (2551)-Levin,F (2481) Germany 2010}) 9. e3 Bd6 10. Bd3 {The position is equal.} Be6 11. Qc2 Nd7 12. a3 O-O 13. O-O a5 14. Rfe1 Re8 15. Rb1 Rc8 16. h3 b5 17. Na2 (17. e4 $11) 17... b4 18. axb4 axb4 19. Nc1 $1 c5 20. dxc5 Nxc5 21. Qd1 Qf6 22. Bb5 Red8 {Threatens to win with ...Qg6.} 23. Nd3 Ne4 $36 {[%mdl 2048] Black has good play.} 24. Nd4 Qg6 25. Nxe6 Qxe6 (25... fxe6 $5 {looks sharper.} 26. Rc1 Rb8 27. Ba4 Rf8 28. f4 Qf7) 26. Ra1 Bb8 27. Ra6 Qe7 28. Ra4 Qc7 29. f4 {[#]} Ba7 (29... Nc5 $1 $17 {Hoping for ...d4.} 30. Nxc5 (30. Rxb4 Qa5 31. Qa1 Bc7 $17) 30... Qxc5) 30. Rxb4 ({White should try} 30. Nxb4 $11 Qc5 31. Nc6) 30... Qe7 31. Ra4 Nd6 {[%cal Be4d6,Bd6f5,Bf5e3][%mdl 32]} 32. Ba6 $1 {[%cal Ra6c8]} Rb8 33. Qf3 Nf5 34. Kh2 Nxe3 35. Raa1 (35. Ne5 $11 {remains equal.} Nc2 36. Rd1) 35... Rb3 36. Ne5 {aiming for Nc6.} Qf6 $1 37. Bd3 {[#]} Rxb2 $2 (37... Nc2 $1 $17 {[%mdl 512] And now ...Bd4 would win.} 38. Rxa7 (38. Bxc2 Rxf3) 38... Nxe1 39. Bh7+ Kxh7 40. Qxb3 Qxf4+ 41. Qg3 Qxg3+ 42. Kxg3 Re8) 38. Rxe3 $16 ({Weaker is} 38. Rxa7 Nxg2 39. Re2 Rxe2 40. Bxe2 Nxf4 $11) 38... Bxe3 1/2-1/2